[Event "Catalunya-ch U12"]
[Site "Vilaseca"]
[Date "2011.04.18"]
[Round "5.3"]
[White "Torres Camps, Aleix"]
[Black "Lacasta Leon, Oscar"]
[Result "0-1"]
[WhiteElo "1812"]
[BlackElo "1783"]
[PlyCount "88"]
[EventDate "2011.04.16"]
[EventType "swiss"]
[EventRounds "8"]
[EventCountry "ESP"]
[SourceTitle "EXT 2024"]
[Source "ChessBase"]
[SourceDate "2023.10.10"]
[SourceVersion "1"]
[SourceVersionDate "2023.10.10"]
[SourceQuality "1"]

1. d4 Nf6 2. c4 e6 3. Nc3 Bb4 4. Qc2 b6 5. Bg5 h6 6. Bd2 Bb7 7. Nf3 Bxc3 8. Bxc3 Ne4 9. g3 d6 10. Bg2 Nxc3 11. Qxc3 Nd7 12. 0-0 0-0 13. Rfd1 Qe7 14. Rac1 f5 15. Nh4 Rfb8 16. Qe3 Bxg2 17. Kxg2 e5 18. Nxf5 Qf6 19. Nh4 Re8 20. Rc2 exd4 21. Qxd4 Qxd4 22. Rxd4 Re7 23. Rg4 Ne5 24. Nf5 Nxg4 25. Nxe7+ Kf7 26. Nd5 c6 27. Nf4 g5 28. Nd3 Nf6 29. Rd2 Ne4 30. Rd1 Ke6 31. f3 Nf6 32. Nb4 c5 33. Nc2 d5 34. Na3 dxc4 35. Nxc4 Nd5 36. e4 Nb4 37. a3 Nc2 38. Rd6+ Ke7 39. Rxh6 b5 40. Na5 Ne3+ 41. Kh3 Kf7 42. e5 Kg7 43. Rc6 Rh8+ 44. Rh6 Rxh6# 0-1